| 000 | 02043cam a2200337 a 4500 | ||
|---|---|---|---|
| 005 | 20031230185550.0 | ||
| 010 | _aENG-101586 B-427811-815 | ||
| 020 |
_a9788125039488 _c195.00 |
||
| 035 | _aEN-85119 B-427811-815 | ||
| 037 | _bDBAD/PUB | ||
| 037 | _bAllied Pub/Ven | ||
| 082 | _a294.513 | ||
| 100 | 1 |
_aDallapiccola, A.L _931538 |
|
| 245 | 1 | 0 |
_aHindu myths/ _cby A.L. Dallapiccola |
| 260 |
_aNew Delhi _bOrient Blackswan _c2010 |
||
| 270 |
_a1/24 Asaf Ali Road _bNew Delhi _e110002 |
||
| 300 |
_a80p.: _c25cm (pbk) _bill, maps |
||
| 490 |
_aThe legendary past _931539 |
||
| 500 | _aIncludes index | ||
| 700 | _922431 | ||
| 856 | 4 | 2 | _uhttp://www.loc.gov/catdir/description/texas041/93060588.html |
| 856 | 4 | 1 | _uhttp://www.loc.gov/catdir/toc/texas041/93060588.html |
| 942 |
_2ddc _cEN _mDAL _h294.513 |
||
| 999 |
_c48011 _d48011 |
||